000 01159nac a22004330a 4500
001 PT35219
003 AR-LpoUNG
005 20210201005343.0
008 201001s2008||||ag |||||||||||||||||spa d
020 _a9788496571907
_c$11
040 _aAR-LpoUNG
_bspa
_eaacr
041 _aspa
044 _aag
082 0 _a907.2 74v2
100 1 _aBandieri, Susana
_ecoor.
245 1 0 _aEmpresas y empresarios :
_bla cuestión regional
250 _a1§ edición
260 _aBuenos Aires :
_bMiño y Dávila,
_c2008.
300 _a333 p. :
_btbls.
_a(2
_fVolúmenes)
_3Impreso
490 0 _aLas escalas de la historia comparada
650 4 _aANALISIS HISTORICO
650 4 _aARGENTINA
650 4 _aDESARROLLO REGIONAL
650 4 _aECONOMIA
650 4 _aEMPRESARIOS
650 4 _aEMPRESAS
650 4 _aEMPRESAS INDUSTRIALES
650 4 _aEMPRESAS PUBLICAS
650 4 _aEXPORTACIONES
650 4 _aHISTORIA
650 4 _aINDUSTRIA
650 4 _aINDUSTRIALIZACION
650 4 _aINVESTIGACION
651 4 _aArgentina
700 1 _aBlanco, Graciela
_ecoor.
700 1 _aBlanco, Mónica
_ecoor.
905 _a35219
942 _cLIB
999 _c49240
_d49240